Pepita de Marañón : (Record no. 17536)
[ view plain ]
| 000 -CABECERA | |
|---|---|
| campo de control de longitud fija | 00851cam a22002177a 4500 |
| 001 - NÚMERO DE CONTROL | |
| campo de control | 000018014 |
| 005 - FECHA Y HORA DE LA ÚLTIMA TRANSACCIÓN | |
| campo de control | 20200929165322.0 |
| 008 - DATOS DE LONGITUD FIJA--INFORMACIÓN GENERAL | |
| campo de control de longitud fija | 820911s1979 pn 000 0 spa |
| 040 ## - FUENTE DE LA CATALOGACIÓN | |
| Centro catalogador/agencia de origen | DO-SdBNP |
| Centro/agencia transcriptor | DLC |
| Centro/agencia modificador | DLC |
| -- | BNPHU |
| 082 ## - NÚMERO DE LA CLASIFICACIÓN DECIMAL DEWEY | |
| Número de clasificación | P862.44 |
| Número de documento/Ítem | A662p |
| 100 1# - ENTRADA PRINCIPAL--NOMBRE DE PERSONA | |
| Nombre de persona | Arango, Alfredo Alberto, |
| Fechas asociadas al nombre | 1945- |
| 9 (RLIN) | 39058 |
| 245 10 - MENCIÓN DE TÍTULO | |
| Título | Pepita de Marañón : |
| Resto del título | (es mas, el dia de la lata) / |
| Mención de responsabilidad, etc. | Alfredo Alberto Arango , Edgar Soberón Torchia. |
| 260 ## - PUBLICACIÓN, DISTRIBUCIÓN, ETC. | |
| Lugar de publicación, distribución, etc. | República de Panamá : |
| Nombre del editor, distribuidor, etc. | Ediciones Instituto Nacional de Cultura, |
| Fecha de publicación, distribución, etc. | 1979. |
| 300 ## - DESCRIPCIÓN FÍSICA | |
| Extensión | 33 p. ; 21 cm. |
| 490 1# - MENCIÓN DE SERIE | |
| Mención de serie | Coleccion Premio "Ricardo Miro." Seccion teatro ; |
| Designación de volumen o secuencia | 1978 |
| 650 #4 - PUNTO DE ACCESO ADICIONAL DE MATERIA--TÉRMINO DE MATERIA | |
| Término de materia o nombre geográfico como elemento de entrada | Teatro panameño |
| 9 (RLIN) | 5455 |
| 650 #4 - PUNTO DE ACCESO ADICIONAL DE MATERIA--TÉRMINO DE MATERIA | |
| Término de materia o nombre geográfico como elemento de entrada | Literatura panameña |
| 9 (RLIN) | 4261 |
| 700 1# - PUNTO DE ACCESO ADICIONAL--NOMBRE DE PERSONA | |
| Nombre de persona | Soberón Torchia, Edgar |
| 9 (RLIN) | 39059 |
| 830 #0 - PUNTO DE ACCESO ADICIONAL DE SERIE-TÍTULO UNIFORME | |
| Título uniforme | Coleccion Premio "Ricardo Miro." Seccion teatro ; |
| Número de parte o sección de la obra | 1978 |
| 9 (RLIN) | 39060 |
| 910 ## - DATOS DE OPCIÓN DEL USUARIO (OCLC) | |
| Datos de opción del usuario | Catalogación por copia / LC |
| Estado de retiro | Estado de pérdida | Restricciones de uso | No para préstamo | Código de colección | Localización permanente | Ubicación/localización actual | Ubicación en estantería | Fecha de adquisición | Número de inventario | Total de préstamos | Signatura topográfica completa | Código de barras | Fecha visto por última vez | Precio válido a partir de | Tipo de ítem Koha |
|---|---|---|---|---|---|---|---|---|---|---|---|---|---|---|---|
| Excluido de préstamo | Monografías: Libros y Folletos | General | General | En catalogación | 09.04.2010 | LF1 | P862.44 A662p | 18014-10 | 25.06.2020 | 25.06.2020 | No se presta |
